000 01163nam a2200265Ia 4500
003 OSt
005 20221005105544.0
006 a|||||r|||| 00| 0
007 ta
008 221004b |||||||| |||| 00| 0 hin d
020 _a9788174876645 (hbk)
024 _a102332
037 _cTextual
040 _aCRL
_cCRL
_bhin
041 _2hin
_ahin
082 _aX:3M24xM18x, 152Q0
100 _aविद्यासागर सिंह
245 0 _aभारतीय भौतिकवाद और मार्क्सवाद
_b एक तुलनात्मक एवं समीक्षात्मक अध्ययन
246 _aBhāratīya bhautikavād aur mārksavāda: ek tulanātmak evan samīkṣhātmak adhyayana
260 _aनई दिल्ली
_bराधा पब्लिकेशन्स भारत
_c2010
300 _a322पृ0
_ccm.
700 _a तातेड़, सोहन राज, संपा.
942 _hX:3M24xM18x, 152Q0
_cTEXL
_2cc
999 _c1016155
_d1016155